[Event "Scarborough CC Spring Into Summer U2000"]
[Site "Toronto"]
[Date "2011.06.23"]
[Round "8"]
[White "Gillis, Doug"]
[Black "Xie, Peter"]
[Result "0-1"]
[WhiteElo "1668"]
[BlackElo "1693"]
[PlyCount "62"]
[EventDate "2011.04.28"]
[EventType "swiss"]
[EventRounds "9"]
[EventCountry "CAN"]
[SourceTitle "EXT 2022"]
[Source "ChessBase"]
[SourceDate "2021.10.06"]
[SourceVersion "1"]
[SourceVersionDate "2021.10.06"]
[SourceQuality "1"]

1. d4 Nf6 2. Nc3 d6 3. Bg5 Nbd7 4. Nf3 h6 5. Bf4 b6 6. e4 Bb7 7. Bd3 a6 8. a4 c5 9. Qe2 cxd4 10. Nxd4 e5 11. 0-0 exf4 12. Nd5 Nxd5 13. exd5+ Ne5 14. Qe4 Qf6 15. Ra3 Be7 16. Nf5 g6 17. Nxe7 Kxe7 18. Re1 Kf8 19. Bf1 Kg7 20. Rb3 b5 21. axb5 axb5 22. Rxb5 Ba6 23. Rb4 Bxf1 24. Kxf1 f3 25. Rb6 fxg2+ 26. Kxg2 Rhe8 27. Qb4 Qg5+ 28. Kh1 Ng4 29. Qc3+ Kh7 30. Rf1 Nxf2+ 31. Rxf2 Ra1+ 0-1

[Event "Scarborough CC Spring Into Summer U2000"]
[Site "Toronto"]
[Date "2011.05.12"]
[Round "2"]
[White "Xie, Peter"]
[Black "Bellomo, Joe"]
[Result "1/2-1/2"]
[WhiteElo "1693"]
[BlackElo "1674"]
[PlyCount "67"]
[EventDate "2011.04.28"]
[EventType "swiss"]
[EventRounds "9"]
[EventCountry "CAN"]
[SourceTitle "EXT 2022"]
[Source "ChessBase"]
[SourceDate "2021.10.06"]
[SourceVersion "1"]
[SourceVersionDate "2021.10.06"]
[SourceQuality "1"]

1. e4 c5 2. Nc3 Nc6 3. g3 Nf6 4. Bg2 e6 5. Nf3 d6 6. 0-0 Be7 7. d3 0-0 8. Ng5 a6 9. f4 h6 10. Nf3 Qc7 11. Qe1 Rb8 12. a3 b5 13. h3 Nd4 14. Qf2 Nxf3+ 15. Bxf3 Bd7 16. g4 Nh7 17. h4 b4 18. Ne2 e5 19. f5 f6 20. Ng3 Bb5 21. a4 Be8 22. b3 Qd8 23. Be3 Qd7 24. Kh2 d5 25. Bd2 Qc7 26. Nh5 Bxh5 27. gxh5 Rf7 28. Rg1 Kf8 29. Rg6 Ke8 30. Be2 a5 31. Qe1 Nf8 32. Qf1 Nxg6 33. hxg6 Rf8 34. h5 1/2-1/2

[Event "Scarborough CC-ch Reserves"]
[Site "Toronto"]
[Date "2011.04.07"]
[Round "7"]
[White "Xie, Peter"]
[Black "Philip, Andrew"]
[Result "1/2-1/2"]
[WhiteElo "1681"]
[BlackElo "1640"]
[PlyCount "69"]
[EventDate "2011.02.24"]
[EventType "swiss"]
[EventRounds "9"]
[EventCountry "CAN"]
[SourceTitle "EXT 2022"]
[Source "ChessBase"]
[SourceDate "2021.10.06"]
[SourceVersion "1"]
[SourceVersionDate "2021.10.06"]
[SourceQuality "1"]

1. e4 d5 2. exd5 Qxd5 3. Nc3 Qd6 4. d4 Nf6 5. h3 c6 6. Nf3 Bf5 7. Bd3 Bxd3 8. Qxd3 Nbd7 9. 0-0 e6 10. Re1 Be7 11. Bg5 0-0 12. Rad1 Rad8 13. g3 Qc7 14. Qe2 Rfe8 15. Ne4 Nxe4 16. Qxe4 Bxg5 17. Nxg5 Nf6 18. Qe2 Qa5 19. h4 h6 20. Nf3 c5 21. dxc5 Qxc5 22. Ne5 Qc7 23. Nd3 Nd5 24. c3 Qc4 25. Nb4 Qxe2 26. Rxe2 Nxb4 27. Rxd8 Rxd8 28. cxb4 Rd4 29. a3 b5 30. Rc2 Rd6 31. Kg2 Kf8 32. Rc8+ Ke7 33. Rc7+ Rd7 34. Rc5 Rd5 35. Rc7+ 1/2-1/2

[Event "Scarborough CC Falling Leaves"]
[Site "Toronto"]
[Date "2010.12.02"]
[Round "6"]
[White "Sharpe, Sam"]
[Black "Xie, Peter"]
[Result "1-0"]
[WhiteElo "1988"]
[BlackElo "1637"]
[PlyCount "37"]
[EventDate "2010.10.28"]
[EventType "swiss"]
[EventRounds "7"]
[EventCountry "CAN"]
[SourceTitle "EXT 2022"]
[Source "ChessBase"]
[SourceDate "2021.10.06"]
[SourceVersion "1"]
[SourceVersionDate "2021.10.06"]
[SourceQuality "1"]

1. d4 Nf6 2. c4 g6 3. Nc3 Bg7 4. e4 d6 5. f4 0-0 6. Nf3 c5 7. Be2 cxd4 8. Nxd4 Nc6 9. 0-0 Nxe4 10. Nxc6 Qb6+ 11. Kh1 Qxc6 12. Nd5 Qd7 13. Bd3 Nf6 14. f5 Nxd5 15. cxd5 Qc7 16. Qe2 Qc5 17. Bg5 f6 18. Be3 Qxd5 19. Bc4 1-0

[Event "Scarborough CC Falling Leaves U2000"]
[Site "Toronto"]
[Date "2010.11.11"]
[Round "3"]
[White "Bellomo, Joe"]
[Black "Xie, Peter"]
[Result "1-0"]
[WhiteElo "1719"]
[BlackElo "1637"]
[PlyCount "111"]
[EventDate "2010.10.28"]
[EventType "swiss"]
[EventRounds "7"]
[EventCountry "CAN"]
[SourceTitle "EXT 2022"]
[Source "ChessBase"]
[SourceDate "2021.10.06"]
[SourceVersion "1"]
[SourceVersionDate "2021.10.06"]
[SourceQuality "1"]

1. e4 e5 2. Nf3 Nc6 3. Bb5 a6 4. Ba4 Nf6 5. 0-0 Be7 6. Re1 b5 7. Bb3 d6 8. c3 0-0 9. h3 Na5 10. Bc2 c5 11. d3 Nd7 12. Nbd2 Nb6 13. Nf1 f5 14. exf5 Bxf5 15. Ng3 Bg6 16. b4 cxb4 17. cxb4 Nc6 18. Bb3+ Kh8 19. a3 a5 20. bxa5 Nxa5 21. Ba2 Bf6 22. Ne4 Bxe4 23. dxe4 Nac4 24. Qb3 Ra5 25. Rb1 Qa8 26. Qb4 Rd8 27. Bxc4 Nxc4 28. a4 Rxa4 29. Qxb5 Na3 30. Bxa3 Rxa3 31. Red1 Qxe4 32. Rxd6 Rg8 33. Re1 Qf4 34. Nxe5 Bxe5 35. Qxe5 Qxe5 36. Rxe5 h6 37. Rf5 Ra7 38. Kh2 Re8 39. h4 Rae7 40. Kg3 Kh7 41. Kf3 Re5 42. Rxe5 Rxe5 43. g4 h5 44. g5 Ra5 45. Re6 Ra4 46. Re4 Ra3+ 47. Kf4 Kg6 48. f3 Ra5 49. Kg3 Rb5 50. Rc4 Rf5 51. Rc6+ Kf7 52. Ra6 Ke7 53. Rg6 Kf7 54. Rb6 Ke7 55. Rb4 Kd6 56. Rb7 1-0

[Event "Scarborough CC LH Summer op"]
[Site "Toronto"]
[Date "2010.06.03"]
[Round "5"]
[White "Jizan, Masoud"]
[Black "Xie, Peter"]
[Result "0-1"]
[WhiteElo "1772"]
[BlackElo "1584"]
[PlyCount "86"]
[EventDate "2010.04.29"]
[EventType "swiss"]
[EventRounds "8"]
[EventCountry "CAN"]
[SourceTitle "EXT 2022"]
[Source "ChessBase"]
[SourceDate "2021.10.06"]
[SourceVersion "1"]
[SourceVersionDate "2021.10.06"]
[SourceQuality "1"]

1. e4 e5 2. Nf3 Nc6 3. Bc4 Nf6 4. Nc3 Be7 5. d4 exd4 6. Nxd4 Nxd4 7. Qxd4 d6 8. Be3 Be6 9. Bd3 Ng4 10. Bf4 0-0 11. e5 dxe5 12. Bxe5 Nxe5 13. Qxe5 Bf6 14. Qh5 g6 15. Qf3 Bxc3+ 16. bxc3 Bd5 17. Qg3 Re8+ 18. Kd2 Qf6 19. Rhe1 c5 20. c4 Bxc4 21. Bxc4 Rad8+ 22. Bd3 c4 23. Rxe8+ Rxe8 24. Rb1 cxd3 25. cxd3 Qe7 26. Qf3 b6 27. Qe3 Qd7 28. Qf4 Qe6 29. Rb2 Qe2+ 30. Kc3 Rc8+ 31. Kb3 Qxd3+ 32. Kb4 a5+ 33. Ka4 Rc4+ 34. Qxc4 Qxc4+ 35. Ka3 b5 36. Rb3 a4 37. Re3 b4+ 38. Kb2 a3+ 39. Kb1 Qf1+ 40. Kc2 Qxf2+ 41. Kd3 Qxa2 42. Re2 Qxe2+ 43. Kxe2 a2 0-1

[Event "Scarborough CC LH Summer op"]
[Site "Toronto"]
[Date "2010.04.29"]
[Round "1"]
[White "Bellissimo, Joseph F"]
[Black "Xie, Peter"]
[Result "1-0"]
[WhiteElo "1828"]
[BlackElo "1584"]
[PlyCount "60"]
[EventDate "2010.04.29"]
[EventType "swiss"]
[EventRounds "8"]
[EventCountry "CAN"]
[SourceTitle "EXT 2022"]
[Source "ChessBase"]
[SourceDate "2021.10.06"]
[SourceVersion "1"]
[SourceVersionDate "2021.10.06"]
[SourceQuality "1"]

1. e4 e5 2. Nf3 Nc6 3. Bc4 Nf6 4. d3 Be7 5. Nc3 d6 6. 0-0 Na5 7. Bb3 Nxb3 8. axb3 0-0 9. Be3 a6 10. h3 Bd7 11. Qd2 c6 12. Rfe1 b5 13. b4 Be6 14. d4 Qc7 15. d5 cxd5 16. exd5 Bf5 17. Qe2 Qb7 18. Red1 Ne4 19. Nxe4 Bxe4 20. c4 bxc4 21. Qxc4 f5 22. Nxe5 Rfc8 23. Nc6 Kf8 24. Rac1 Qb5 25. f3 Qxc4 26. Rxc4 f4 27. Bxf4 Bg6 28. Re1 Rc7 29. Rxe7 Rxc6 30. Rxc6 Kxe7 1-0

[Event "Toronto Scarborough CC Frost op"]
[Site "Toronto"]
[Date "2010.01.21"]
[Round "3"]
[White "Ugodnikov, Arkadiy"]
[Black "Xie, Peter"]
[Result "1-0"]
[WhiteElo "1839"]
[BlackElo "1556"]
[PlyCount "79"]
[EventDate "2010.01.07"]
[EventType "swiss"]
[EventRounds "6"]
[EventCountry "CAN"]
[SourceTitle "EXT 2011"]
[Source "ChessBase"]
[SourceDate "2010.11.26"]
[SourceVersion "1"]
[SourceVersionDate "2010.11.26"]
[SourceQuality "1"]

1. e4 e5 2. Nf3 Nc6 3. Bb5 a6 4. Ba4 Nf6 5. 0-0 Be7 6. Re1 b5 7. Bb3 d6 8. c3 Na5 9. Bc2 0-0 10. h3 c5 11. d4 Nd7 12. Nbd2 exd4 13. cxd4 Nc6 14. Nf1 Nb6 15. Ng3 Bh4 16. Nxh4 Qxh4 17. dxc5 dxc5 18. Qd6 Qf6 19. Qxc5 Nd7 20. Qe3 Nde5 21. Rb1 Nc4 22. Qc5 N6e5 23. f4 Nd7 24. Qf2 Bb7 25. b3 Ncb6 26. Bb2 Qe7 27. Nf5 Qc5 28. Bd4 Qc7 29. Bxg7 f6 30. Bxf8 Kxf8 31. Qg3 Ke8 32. Qg7 Qc5+ 33. Kh1 Kd8 34. Rbc1 Bc6 35. Bb1 Qf2 36. Qe7+ Kc7 37. Qd6+ Kd8 38. Qxc6 Qxf4 39. Red1 Rb8 40. Qxf6+ 1-0

[Event "Scarborough CC Falling Leaves U1700"]
[Site "Toronto"]
[Date "2009.12.17"]
[Round "7"]
[White "Xie, Peter"]
[Black "Wang, Jason"]
[Result "1-0"]
[WhiteElo "1514"]
[BlackElo "1030"]
[PlyCount "84"]
[EventDate "2009.11.05"]
[EventType "swiss"]
[EventRounds "7"]
[EventCountry "CAN"]
[SourceTitle "EXT 2011"]
[Source "ChessBase"]
[SourceDate "2010.11.26"]
[SourceVersion "1"]
[SourceVersionDate "2010.11.26"]
[SourceQuality "1"]

1. e4 e5 2. Nf3 Nc6 3. Bb5 Nge7 4. 0-0 d6 5. c3 Bd7 6. d4 Ng6 7. Ne1 Be7 8. f4 exf4 9. Nd3 Bg5 10. Nxf4 Bxf4 11. Bxf4 Nxf4 12. Rxf4 Qg5 13. Qf1 0-0 14. Nd2 a6 15. Bc4 Nd8 16. Rf2 b5 17. Bb3 c5 18. Nf3 Qh6 19. e5 c4 20. Bc2 d5 21. Qc1 Qxc1+ 22. Rxc1 f5 23. Rcf1 Ne6 24. h3 f4 25. Kh2 Rf7 26. Ng1 Raf8 27. Ne2 g5 28. g4 fxg3+ 29. Kxg3 Rxf2 30. Rxf2 Rxf2 31. Kxf2 h5 32. h4 gxh4 33. Bg6 Ng5 34. Bxh5 h3 35. Kg3 Kg7 36. Ng1 Kh6 37. Be2 Ne4+ 38. Kh2 Nf2 39. b3 cxb3 40. axb3 a5 41. e6 Bxe6 42. Bxb5 Bf5 1-0

[Event "Scarborough CC Falling Leaves U1700"]
[Site "Toronto"]
[Date "2009.12.10"]
[Round "6"]
[White "Dattani, Dinesh"]
[Black "Xie, Peter"]
[Result "1/2-1/2"]
[WhiteElo "1365"]
[BlackElo "1514"]
[PlyCount "69"]
[EventDate "2009.11.05"]
[EventType "swiss"]
[EventRounds "7"]
[EventCountry "CAN"]
[SourceTitle "EXT 2011"]
[Source "ChessBase"]
[SourceDate "2010.11.26"]
[SourceVersion "1"]
[SourceVersionDate "2010.11.26"]
[SourceQuality "1"]

1. e4 e5 2. Nf3 Nc6 3. Bb5 a6 4. Ba4 Nf6 5. 0-0 Be7 6. Bxc6 dxc6 7. h3 0-0 8. Nc3 Bd6 9. d3 h6 10. Be3 c5 11. Qd2 Be6 12. Ne2 Nd7 13. Bxh6 gxh6 14. Qxh6 Qf6 15. Qh5 Qg6 16. Qxg6+ fxg6 17. Ng5 Rae8 18. Ng3 Nb6 19. h4 Bd7 20. Ne2 Kg7 21. g3 Be7 22. Kg2 Bxg5 23. hxg5 Rh8 24. Rh1 Rxh1 25. Rxh1 Rf8 26. Rh4 Be6 27. b3 Rh8 28. f4 Rxh4 29. gxh4 Bg4 30. Kf2 Bxe2 31. Kxe2 exf4 32. Kf3 Nd7 33. Kxf4 Kf7 34. c3 c6 35. d4 1/2-1/2

[Event "Toronto Howard Ridout op U1700"]
[Site "Toronto"]
[Date "2009.09.10"]
[Round "1"]
[White "Xie, Peter"]
[Black "Philip, Andrew"]
[Result "1/2-1/2"]
[WhiteElo "1366"]
[BlackElo "1550"]
[PlyCount "47"]
[EventDate "2009.09.10"]
[EventType "swiss"]
[EventRounds "8"]
[EventCountry "CAN"]
[SourceTitle "EXT 2011"]
[Source "ChessBase"]
[SourceDate "2010.11.26"]
[SourceVersion "1"]
[SourceVersionDate "2010.11.26"]
[SourceQuality "1"]

1. e4 d5 2. exd5 Qxd5 3. Nc3 Qd6 4. d4 Nf6 5. Nf3 Bf5 6. Bc4 e6 7. 0-0 c6 8. Re1 Be7 9. h3 0-0 10. Bg5 Nbd7 11. Nh4 Bg6 12. Nxg6 hxg6 13. Qe2 Nb6 14. Rad1 Nfd5 15. Bxe7 Qxe7 16. Nxd5 cxd5 17. Bb3 Qc7 18. Rc1 Rac8 19. c4 dxc4 20. Bxc4 Qd6 21. Red1 Nd5 22. Bxd5 Qxd5 23. Rxc8 Rxc8 24. b3 1/2-1/2

[Event "Scarborough CC Spring op U1700"]
[Site "Toronto"]
[Date "2009.06.11"]
[Round "7"]
[White "Xie, Peter"]
[Black "Zhang, Yuanchen"]
[Result "0-1"]
[WhiteElo "1442"]
[BlackElo "1258"]
[PlyCount "94"]
[EventDate "2009.04.30"]
[EventType "swiss"]
[EventRounds "9"]
[EventCountry "CAN"]
[SourceTitle "EXT 2011"]
[Source "ChessBase"]
[SourceDate "2010.11.26"]
[SourceVersion "1"]
[SourceVersionDate "2010.11.26"]
[SourceQuality "1"]

1. e4 c5 2. Nc3 e6 3. d3 Nc6 4. g3 d6 5. Bg2 Nf6 6. Nge2 Be7 7. 0-0 Bd7 8. Kh1 Qc7 9. Nb5 Qd8 10. c4 a6 11. Nbc3 Qc7 12. Bf4 e5 13. Bg5 Be6 14. Bxf6 Bxf6 15. Nd5 Bxd5 16. exd5 Ne7 17. Qa4+ Qd7 18. Qxd7+ Kxd7 19. Bh3+ Kd8 20. Nc3 Ng6 21. Ne4 Be7 22. a3 Rf8 23. Bf5 Nh8 24. h4 g6 25. Bh3 f5 26. Ng5 Bxg5 27. hxg5 Nf7 28. f4 Re8 29. Rae1 Kc7 30. Bg2 a5 31. Rf2 Rab8 32. Bf3 b5 33. Bd1 bxc4 34. dxc4 e4 35. Ba4 Red8 36. Rh2 Rh8 37. Kg1 h6 38. gxh6 Nxh6 39. Kg2 Ng4 40. Rxh8 Rxh8 41. Rh1 Rxh1 42. Kxh1 e3 43. Kg2 e2 44. Bd7 e1Q 45. Bxf5 Qe2+ 46. Kh3 Qh2+ 47. Kxg4 Qh5# 0-1

[Event "Scarborough CC-ch reserves U1700"]
[Site "Toronto"]
[Date "2009.04.09"]
[Round "7"]
[White "Lin, Tony"]
[Black "Xie, Peter"]
[Result "1/2-1/2"]
[WhiteElo "1354"]
[BlackElo "1493"]
[PlyCount "78"]
[EventDate "2009.02.26"]
[EventType "swiss"]
[EventRounds "9"]
[EventCountry "CAN"]
[SourceTitle "EXT 2011"]
[Source "ChessBase"]
[SourceDate "2010.11.26"]
[SourceVersion "1"]
[SourceVersionDate "2010.11.26"]
[SourceQuality "1"]

1. e4 e5 2. Nf3 Nc6 3. Bc4 Nf6 4. Ng5 d5 5. exd5 Na5 6. Bb5+ c6 7. dxc6 bxc6 8. Qf3 Qd6 9. Ba4 h6 10. Ne4 Nxe4 11. Qxe4 Bd7 12. Nc3 Be7 13. d3 Nb7 14. Bb3 Nc5 15. Qf3 0-0 16. Qg3 Nxb3 17. axb3 Qe6 18. 0-0 Bd6 19. Qe3 f5 20. Qe2 f4 21. f3 Bc5+ 22. Kh1 Rf5 23. Ne4 Bb6 24. g4 Rff8 25. Bd2 c5 26. c4 Bc6 27. h4 h5 28. Rg1 Bxe4 29. dxe4 Bd8 30. Qh2 Rf6 31. g5 Rf7 32. Kg2 Rd7 33. Rad1 Rb8 34. Qh3 Qxh3+ 35. Kxh3 Rxb3 36. Bc3 Rd4 37. Bxd4 exd4 38. Rgf1 Bb6 39. Rf2 Rb4 1/2-1/2

[Event "Scarborough CC Fall Swiss U1700"]
[Site "Toronto"]
[Date "2008.11.27"]
[Round "5"]
[White "Xie, Peter"]
[Black "Dattani, Dinesh"]
[Result "1-0"]
[WhiteElo "1442"]
[BlackElo "1315"]
[PlyCount "53"]
[EventDate "2008.10.30"]
[EventType "swiss"]
[EventRounds "8"]
[EventCountry "CAN"]
[SourceTitle "EXT 2011"]
[Source "ChessBase"]
[SourceDate "2010.11.26"]
[SourceVersion "1"]
[SourceVersionDate "2010.11.26"]
[SourceQuality "1"]

1. e4 e5 2. Nf3 Nf6 3. Nc3 d6 4. Bc4 Nc6 5. Nd5 Be6 6. Nxf6+ Qxf6 7. Bxe6 Qxe6 8. d3 Be7 9. 0-0 0-0-0 10. a4 d5 11. exd5 Rxd5 12. c4 Rd7 13. Qc2 Nb4 14. Qe2 Rxd3 15. Qxe5 Qg6 16. Qxe7 Rxf3 17. Qxb4 Rd8 18. Kh1 Rfd3 19. Qe7 Rd1 20. Bf4 R1d7 21. Qc5 b6 22. Qb5 Kb7 23. a5 Qe4 24. a6+ Kc8 25. Bg3 Qe2 26. Qc6 Rd2 27. Qxc7# 1-0

[Event "Scarborough CC Fall Swiss U1700"]
[Site "Toronto"]
[Date "2008.11.13"]
[Round "3"]
[White "Philip, Andrew"]
[Black "Xie, Peter"]
[Result "1-0"]
[WhiteElo "1576"]
[BlackElo "1442"]
[PlyCount "66"]
[EventDate "2008.10.30"]
[EventType "swiss"]
[EventRounds "8"]
[EventCountry "CAN"]
[SourceTitle "EXT 2011"]
[Source "ChessBase"]
[SourceDate "2010.11.26"]
[SourceVersion "1"]
[SourceVersionDate "2010.11.26"]
[SourceQuality "1"]

1. d4 d5 2. Bg5 h6 3. Bh4 g5 4. Bg3 Bf5 5. e3 Nc6 6. c3 a6 7. Bd3 Bxd3 8. Qxd3 Nf6 9. Nd2 e6 10. Ngf3 Bd6 11. a3 Bxg3 12. hxg3 Ne7 13. Ne5 Nd7 14. f4 Nxe5 15. dxe5 g4 16. 0-0-0 h5 17. Rh2 Rc8 18. Rdh1 Nf5 19. Rxh5 Rg8 20. Rh8 Ke7 21. Rxg8 Qxg8 22. e4 dxe4 23. Nxe4 Rd8 24. Qe2 Qg6 25. Qc4 Rd7 26. Qc5+ Nd6 27. Nxd6 cxd6 28. exd6+ Rxd6 29. Rd1 Qh6 30. Qxd6+ Kf6 31. Qe5+ Ke7 32. Qb8 Kf6 33. Qg8 a5 1-0

[Event "Scarborough CC Fall Swiss U1700"]
[Site "Toronto"]
[Date "2008.11.06"]
[Round "2"]
[White "Xie, Peter"]
[Black "Farrant Diaz, Nathan"]
[Result "0-1"]
[WhiteElo "1442"]
[BlackElo "1590"]
[PlyCount "94"]
[EventDate "2008.10.30"]
[EventType "swiss"]
[EventRounds "8"]
[EventCountry "CAN"]
[SourceTitle "EXT 2011"]
[Source "ChessBase"]
[SourceDate "2010.11.26"]
[SourceVersion "1"]
[SourceVersionDate "2010.11.26"]
[SourceQuality "1"]

1. e4 b6 2. d4 Bb7 3. Nc3 e6 4. Nf3 Bb4 5. Bd3 Nf6 6. Bg5 h6 7. Bxf6 Qxf6 8. e5 Qe7 9. a3 Bxc3+ 10. bxc3 0-0 11. 0-0 d6 12. exd6 Qxd6 13. Re1 Nd7 14. Be4 Bxe4 15. Rxe4 Rad8 16. Qd3 c5 17. Ne5 Nxe5 18. Rxe5 cxd4 19. Re4 dxc3 20. Qxc3 Rd7 21. Re3 Qd2 22. a4 Rfd8 23. g3 Qxc3 24. Rxc3 Rd1+ 25. Rxd1 Rxd1+ 26. Kg2 Rd7 27. Ra3 Rc7 28. c3 a6 29. Kf3 Kf8 30. Rb3 Rc6 31. a5 b5 32. Ke3 Rc4 33. Ra3 Ke7 34. f3 Kd6 35. Kd3 Kc5 36. Ke3 Ra4 37. Rb3 Rxa5 38. Rb1 Ra3 39. Kd3 a5 40. Kc2 Ra2+ 41. Rb2 Rxb2+ 42. Kxb2 Kc4 43. h4 a4 44. h5 a3+ 45. Kc2 a2 46. Kb2 a1Q+ 47. Kxa1 Kxc3 0-1

[Event "Scarborough CC Early Summer U1700"]
[Site "Toronto"]
[Date "2008.05.08"]
[Round "1"]
[White "Karpik, Steve"]
[Black "Xie, Peter"]
[Result "0-1"]
[WhiteElo "1565"]
[BlackElo "1373"]
[PlyCount "130"]
[EventDate "2008.05.08"]
[EventType "swiss"]
[EventRounds "8"]
[EventCountry "CAN"]
[SourceTitle "EXT 2011"]
[Source "ChessBase"]
[SourceDate "2010.11.26"]
[SourceVersion "1"]
[SourceVersionDate "2010.11.26"]
[SourceQuality "1"]

1. Nf3 d5 2. c4 Nf6 3. g3 Nc6 4. b3 e5 5. d3 dxc4 6. bxc4 e4 7. Nh4 Bb4+ 8. Bd2 exd3 9. Bxb4 Nxb4 10. Qa4+ Nc6 11. exd3 Qe7+ 12. Be2 0-0 13. Nc3 Nd4 14. Qd1 Re8 15. Ng2 Bg4 16. Ne3 Nxe2 17. Nxe2 Bf3 18. Rg1 Qb4+ 19. Qd2 Qxd2+ 20. Kxd2 Ng4 21. Nd4 Nxe3 22. fxe3 Bh5 23. Nb5 Rec8 24. Rab1 a6 25. Nd4 b6 26. Nc6 Kf8 27. Rgf1 f6 28. Ne5 Rd8 29. Rf5 Bg6 30. Nxg6+ hxg6 31. Rf4 b5 32. cxb5 axb5 33. Rb2 c5 34. d4 b4 35. Rh4 Kf7 36. Ke2 g5 37. Rg4 f5 38. Rxg5 Kf6 39. Rh5 cxd4 40. exd4 Rxd4 41. Rh4 Re8+ 42. Kf2 Rxh4 43. gxh4 Re4 44. Kf3 Rxh4 45. Kg3 Re4 46. Rc2 Kg5 47. Kf3 g6 48. Rg2+ Kf6 49. Rc2 Ke5 50. Rd2 Rd4 51. Re2+ Kd5 52. Rc2 Rd3+ 53. Kf4 Rd4+ 54. Ke3 f4+ 55. Kf3 Rc4 56. Rd2+ Kc5 57. h4 Kb5 58. Rd5+ Ka4 59. Kg4 Ka3 60. Ra5+ Kb2 61. Kg5 f3 62. Kxg6 Rxh4 63. Rf5 Kxa2 64. Rxf3 b3 65. Rf2+ b2 0-1

[Event "Scarborough CC Spring Swiss U1700"]
[Site "Toronto"]
[Date "2008.03.20"]
[Round "2"]
[White "Song, Michael"]
[Black "Xie, Peter"]
[Result "1-0"]
[WhiteElo "1331"]
[BlackElo "1377"]
[PlyCount "53"]
[EventDate "2008.03.13"]
[EventType "swiss"]
[EventRounds "8"]
[EventCountry "CAN"]
[SourceTitle "EXT 2011"]
[Source "ChessBase"]
[SourceDate "2010.11.26"]
[SourceVersion "1"]
[SourceVersionDate "2010.11.26"]
[SourceQuality "1"]

1. d4 d5 2. c4 e6 3. Nf3 Nd7 4. e3 b6 5. Nc3 Ngf6 6. cxd5 Nxd5 7. Bd3 Bb4 8. Bd2 Bb7 9. Nxd5 Bxd2+ 10. Qxd2 Bxd5 11. e4 Bb7 12. 0-0 0-0 13. Rac1 c5 14. d5 exd5 15. exd5 Nf6 16. Rfd1 Qd6 17. Bc4 Rfd8 18. Re1 Kf8 19. Rc3 Re8 20. Rce3 Rxe3 21. Rxe3 Rd8 22. Ng5 a6 23. Qd3 g6 24. Rf3 h6 25. Rxf6 Qe5 26. Rxf7+ Kg8 27. Qxg6+ 1-0

[Event "Scarborough CC-ch reserves"]
[Site "Toronto"]
[Date "2008.01.17"]
[Round "3"]
[White "Kurkowski, Ken"]
[Black "Xie, Peter"]
[Result "1-0"]
[WhiteElo "1644"]
[BlackElo "1377"]
[PlyCount "29"]
[EventDate "2008.01.03"]
[EventType "swiss"]
[EventRounds "10"]
[EventCountry "CAN"]
[SourceTitle "EXT 2011"]
[Source "ChessBase"]
[SourceDate "2010.11.26"]
[SourceVersion "1"]
[SourceVersionDate "2010.11.26"]
[SourceQuality "1"]

1. e4 e5 2. Nf3 Nc6 3. Bb5 a6 4. Ba4 Nf6 5. Qe2 Be7 6. 0-0 0-0 7. c3 b5 8. Bb3 Na5 9. Bc2 c5 10. d4 exd4 11. cxd4 Re8 12. e5 Nd5 13. Qe4 Bb7 14. Qxh7+ Kf8 15. Qh8# 1-0

[Event "Scarborough CC Fall Swiss U1700"]
[Site "Toronto"]
[Date "2007.11.01"]
[Round "1"]
[White "Xie, Peter"]
[Black "Gillis, Doug"]
[Result "1/2-1/2"]
[WhiteElo "1403"]
[BlackElo "1617"]
[PlyCount "100"]
[EventDate "2007.11.01"]
[EventType "swiss"]
[EventRounds "8"]
[EventCountry "CAN"]
[SourceTitle "EXT 2022"]
[Source "ChessBase"]
[SourceDate "2021.10.06"]
[SourceVersion "1"]
[SourceVersionDate "2021.10.06"]
[SourceQuality "1"]

1. e4 e6 2. d4 d5 3. Nc3 dxe4 4. Nxe4 Qd5 5. Nc3 Bb4 6. Nge2 Nc6 7. Be3 Nf6 8. a3 Bxc3+ 9. Nxc3 Qd7 10. Be2 Nd5 11. Nxd5 exd5 12. 0-0 0-0 13. Bd3 Qg4 14. Qxg4 Bxg4 15. h3 Be6 16. Rfd1 Ne7 17. Be2 Rfe8 18. Rac1 Nf5 19. c4 Nxe3 20. fxe3 c6 21. Kf2 dxc4 22. Bxc4 Bxc4 23. Rxc4 Re4 24. Rb4 b6 25. b3 Rae8 26. Re1 f5 27. Rc4 f4 28. Rc3 Rxe3 29. Rcxe3 Rxe3 30. Rxe3 fxe3+ 31. Kxe3 Kf7 32. Ke4 Ke6 33. b4 Kd6 34. g3 a5 35. Ke3 axb4 36. axb4 Kd5 37. Kd3 g5 38. g4 h6 39. Kc3 Ke4 40. Kc4 Kf3 41. d5 cxd5+ 42. Kxd5 Kg3 43. Kc6 Kxh3 44. Kxb6 Kxg4 45. Kc7 h5 46. b5 h4 47. b6 h3 48. b7 h2 49. b8Q h1Q 50. Qb2 Qe4 1/2-1/2

[Event "Toronto Howard Ridout Swiss U1700"]
[Site "Toronto"]
[Date "2007.10.11"]
[Round "5"]
[White "Xie, Peter"]
[Black "Gillis, Doug"]
[Result "1/2-1/2"]
[WhiteElo "1403"]
[BlackElo "1632"]
[PlyCount "84"]
[EventDate "2007.09.13"]
[EventType "swiss"]
[EventRounds "7"]
[EventCountry "CAN"]
[SourceTitle "EXT 2022"]
[Source "ChessBase"]
[SourceDate "2021.10.06"]
[SourceVersion "1"]
[SourceVersionDate "2021.10.06"]
[SourceQuality "1"]

1. e4 e6 2. d4 d5 3. Nc3 dxe4 4. Nxe4 Qd5 5. Nc3 Bb4 6. Nge2 Nc6 7. a3 Bxc3+ 8. bxc3 Nf6 9. Ng3 0-0 10. Be3 e5 11. c4 Qd8 12. c3 Re8 13. Be2 exd4 14. cxd4 Ne4 15. Qd3 Nxg3 16. hxg3 g6 17. 0-0 Bf5 18. Qc3 Qf6 19. Rad1 Rad8 20. Qe1 Qd6 21. g4 Bc8 22. Bf3 Qxa3 23. Ra1 Qb4 24. Qxb4 Nxb4 25. Rxa7 c6 26. Ra3 Nc2 27. Rd3 Nxe3 28. Rxe3 Rxe3 29. fxe3 Be6 30. Rc1 Kg7 31. Kf2 Kf6 32. Rc2 Kg5 33. Kg3 f5 34. gxf5 Bxf5 35. e4 Be6 36. d5 cxd5 37. exd5 Bf5 38. Rd2 Rc8 39. Rd4 Kf6 40. d6 Be6 41. d7 Rd8 42. Bxb7 Rxd7 1/2-1/2